[Event "Gachantiva op 9th"]
[Site "Gachantiva"]
[Date "2019.06.22"]
[Round "3"]
[White "Castillo Barajas, Juan Alberto"]
[Black "Silva Albarracin, Waldomiro"]
[Result "1/2-1/2"]
[WhiteElo "1436"]
[BlackElo "1640"]
[PlyCount "69"]
[EventDate "2019.06.21"]
[EventType "swiss"]
[EventRounds "7"]
[EventCountry "COL"]
[SourceTitle "CBM 191 Extra"]
[Source "ChessBase"]
[SourceDate "2019.09.30"]
[SourceVersion "1"]
[SourceVersionDate "2019.09.30"]
[SourceQuality "1"]

1. e4 e5 2. Nf3 Nf6 3. Nc3 Bb4 4. a3 Bxc3 5. dxc3 Nc6 6. Bd3 d5 7. Bb5 Bg4 8. h3 dxe4 9. Qxd8+ Rxd8 10. Bxc6+ bxc6 11. hxg4 exf3 12. gxf3 Nd5 13. c4 Nf4 14. Be3 Ng2+ 15. Ke2 Nxe3 16. fxe3 0-0 17. Rhd1 f6 18. Rd3 Kf7 19. Rad1 Ke7 20. Rxd8 Rxd8 21. Rxd8 Kxd8 22. Kd3 Kd7 23. c5 g6 24. e4 Ke6 25. Ke3 h6 26. c4 h5 27. b4 h4 28. a4 a6 29. b5 axb5 30. cxb5 cxb5 31. axb5 g5 32. Kf2 Kd7 33. Ke3 Kc8 34. Kf2 Kb7 35. Ke3 1/2-1/2

[Event "COL-ch U2000"]
[Site "Pereira"]
[Date "2019.03.24"]
[Round "7"]
[White "Celis Vargas, Walter Enrique"]
[Black "Silva Albarracin, Waldomiro"]
[Result "1/2-1/2"]
[WhiteElo "1709"]
[BlackElo "1692"]
[PlyCount "50"]
[EventDate "2019.03.21"]
[EventType "swiss"]
[EventRounds "9"]
[EventCountry "COL"]
[SourceTitle "CBM 189 Extra"]
[Source "ChessBase"]
[SourceDate "2019.05.31"]
[SourceVersion "1"]
[SourceVersionDate "2019.05.31"]
[SourceQuality "1"]

1. e4 e5 2. Nf3 Nf6 3. Nxe5 d6 4. Nf3 Nxe4 5. Nc3 Nxc3 6. dxc3 Be7 7. Bd3 Nc6 8. Be3 Bg4 9. h3 Bh5 10. g4 Bg6 11. Qd2 Qd7 12. 0-0-0 0-0-0 13. Bb5 a6 14. Bd3 Kb8 15. Kb1 Rhe8 16. Bxg6 hxg6 17. Nd4 Ne5 18. c4 Rf8 19. f4 Nc6 20. Nxc6+ Qxc6 21. Qd4 Bf6 22. Qa7+ Kc8 23. Bd4 Kd7 24. Bxf6 gxf6 25. Qd4 Kc8 1/2-1/2

[Event "Tunja Boyacense op"]
[Site "Tunja"]
[Date "2018.12.16"]
[Round "6"]
[White "Silva Albarracin, Waldomiro"]
[Black "Velasquez, Angie Gabriela"]
[Result "0-1"]
[WhiteElo "1733"]
[BlackElo "1911"]
[PlyCount "60"]
[EventDate "2018.12.13"]
[EventType "swiss"]
[EventRounds "7"]
[EventCountry "COL"]
[SourceTitle "CBM 187 Extra"]
[Source "ChessBase"]
[SourceDate "2018.11.04"]
[SourceVersion "1"]
[SourceVersionDate "2018.11.04"]
[SourceQuality "1"]

1. e4 c5 2. Nf3 e6 3. d4 cxd4 4. Nxd4 a6 5. Nc3 Qc7 6. Bd3 Nf6 7. 0-0 Nc6 8. Nxc6 bxc6 9. Re1 d6 10. Bf4 e5 11. Bg3 Be7 12. Bc4 0-0 13. Qe2 Re8 14. Rad1 Bb7 15. Bh4 a5 16. Bxf6 Bxf6 17. a4 Rad8 18. Qg4 Qb6 19. b3 Qb4 20. Re3 d5 21. Be2 d4 22. Rf3 Bc8 23. Qg3 dxc3 24. Rxf6 Qxe4 25. Bd3 Qg4 26. Qxg4 Bxg4 27. f3 gxf6 28. fxg4 e4 29. Be2 Rxd1+ 30. Bxd1 Rd8 0-1

[Event "Boyaca Region-ch qual"]
[Site "Duitama"]
[Date "2010.05.15"]
[Round "1.13"]
[White "Guerra, Miguel"]
[Black "Silva Albarracin, Waldomiro"]
[Result "1-0"]
[WhiteElo "1730"]
[BlackElo "1600"]
[PlyCount "28"]
[EventDate "2010.05.15"]
[EventType "swiss"]
[EventRounds "6"]
[EventCountry "COL"]
[SourceTitle "EXT 2024"]
[Source "ChessBase"]
[SourceDate "2023.10.10"]
[SourceVersion "1"]
[SourceVersionDate "2023.10.10"]
[SourceQuality "1"]

1. d4 Nf6 2. c4 e6 3. Nc3 d5 4. Nf3 Be7 5. cxd5 Nxd5 6. e4 Nb6 7. Be3 0-0 8. Be2 Nc6 9. a3 Bd7 10. 0-0 Re8 11. Qc2 e5 12. d5 Na5 13. Bxb6 axb6 14. b4 Nc6 1-0